000
00224nam a2200097 4500
100
_a
Fergusson, James
245
_a
Encyclopedia of World Architecture
260
_a
India:
_b
Aryan Books,
_c
1998.
300
_a
347p. ;
942
_c
BK
999
_c
8702
_d
8702